Inwentarze kolegium jezuitów w Mińsku oraz jego majątków ziemskich z przełomu roku 1773 i 1774

Titel: Inwentarze kolegium jezuitów w Mińsku oraz jego majątków ziemskich z przełomu roku 1773 i 1774 = ˜Theœ inventory of the Jesuit College in Minsk and its Estates from 1773-1774 / opracowanie i wstęp Andrea Mariani ; Uniwersytet im. Adama Mickiewicza w Poznaniu
Beteiligt:
Ausgabe: Wydanie I.
Veröffentlicht: Poznań : Wydawnictwo Naukowe UAM, 2025
Umfang: XCV, 336 Seiten : Illustrationen, Karten
Format: Buch
Sprache: Polnisch
Schriftenreihe/
mehrbändiges Werk:
Źródła do Dziejów Towarzystwa Jezusowego w Dawnej Rzeczypospolitej ; tom 4
Schlagworte:
Andere Ausgaben: Erscheint auch als Online-Ausgabe
Erscheint auch als Online-Ausgabe, PDF. doi.org/10.14746/amup.9788323244189
ISBN: 9788323244172
Buchumschlag
X
alg: 53322044
001A    $03004:12-09-25 
001B    $01999:04-12-25 $t22:17:51.000 
001D    $03004:12-09-25 
001U    $0utf8 
001X    $00 
002@    $0Aau 
002C    $aText $btxt $2rdacontent 
002D    $aohne Hilfsmittel zu benutzen $bn $2rdamedia 
002E    $aBand $bnc $2rdacarrier 
003@    $0533220440 
003O    $01535856372 $aOCoLC 
004A    $A978-83-232-4417-2 
007A    $0BV050428736 $aBVB 
007G    $0 
009P    $qapplication/pdf $A2 $3Buch Bibliographie $uhttp://scans.hebis.de/HEBCGI/show.pl?53322044_bib.pdf $mV:DE-603;B:DE-Mb50 
009P    $qapplication/pdf $A2 $3Cover $uhttp://scans.hebis.de/HEBCGI/show.pl?53322044_cov.pdf $mV:DE-603;B:DE-Mb50 
009P    $qapplication/pdf $A2 $3Register $uhttp://scans.hebis.de/HEBCGI/show.pl?53322044_idx.pdf $mV:DE-603;B:DE-Mb50 
009P    $qapplication/pdf $A2 $3Abstract $uhttp://scans.hebis.de/HEBCGI/show.pl?53322044_sum.pdf $mV:DE-603;B:DE-Mb50 
009P    $qapplication/pdf $A2 $3Inhaltsverzeichnis $uhttp://scans.hebis.de/HEBCGI/show.pl?53322044_toc.pdf $mV:DE-603;B:DE-Mb50 
010@    $apol 
010E    $erda 
011@    $a2025 $n2025 
013D    $RVerzeichnis $RKatalog $RInventur $#Inventories $#Inventaires $#Repertorium Inventar $#Bestandsverzeichnis Formschlagwort $#Findbuch Inventar $74027540-1 $8Inventar [Ts1] $9085070408 
013D    $RQuellenforschung $#History -- Sources $#Histoire -- Sources $#Akten Formschlagwort $#Augenzeugenbericht Formschlagwort $#Texte Formschlagwort $#Historische Quelle $#Geschichtsquelle $#Quellensammlung $#Quellen $74135952-5 $8Quelle [Ts1] $9085503576 
021A    $aInwentarze kolegium jezuitów w Mińsku oraz jego majątków ziemskich z przełomu roku 1773 i 1774 $f˜Theœ inventory of the Jesuit College in Minsk and its Estates from 1773-1774 $hopracowanie i wstęp Andrea Mariani ; Uniwersytet im. Adama Mickiewicza w Poznaniu 
028C    $BHerausgeber $4edt $71047203316 $8Mariani, Andrea$Z1986- [Tp3] $9336109989 
032@    $aWydanie I. 
033A    $pPoznań $nWydawnictwo Naukowe UAM 
034D    $aXCV, 336 Seiten 
034M    $aIllustrationen, Karten 
036E    $aŹródła do Dziejów Towarzystwa Jezusowego w Dawnej Rzeczypospolitej $ltom 4 
039D    $aErscheint auch als $z978-83-232-4418-9 $nOnline-Ausgabe 
039D    $aErscheint auch als $nOnline-Ausgabe, PDF $odoi.org/10.14746/amup.9788323244189 
044K    $#Minsk $#Минск $#Mensk $74039510-8 $8Minsk [Tg1] $9085107778 
044K    $RJesuitenschule $#Kolleg Jesuiten $74368446-4 $8Jesuitenkolleg [Ts1] $9088326497 
044K    $RBesitz $REigentum $RGrundstück $RGrundstücksrecht $RGrundeigentümer $#Land tenure $#Real property $#Propriété foncière $#Terres $#Propriété immobilière $#Propiedad rústica $#Grundeigentum $#Grundbesitz $#Grundbesitz $#Bodeneigentum $#Grundbesitz $#Grundstück Eigentum $#Grundstückseigentum $#Liegenschaftseigentum $#Grundvermögen $#Immobiliareigentum $#Landbesitz $#Landeigentum $#Besitzung $74072130-9 $8Grundeigentum [Ts1] $9085202959 
045F    $a200.943809033 $eDDC23BSB 
045F/01 $a200.9 
045F/03 $f09033 
045F/03 $g438 
045R    $aGeschichte 1773-1774 
045T    $aOST $qDE-12 $2FID 
046L    $aZusammenfassung in englischer Sprache 

lok: 53322044 24

exp: 53322044 24 1 #EPN
201B/01 $017-10-25 $t14:02:57.000 
201C/01 $012-09-25 
201U/01 $0utf8 
203@/01 $0131799440X 
208@/01 $a17-10-25 $bz 
209A/01 $a25.05264 $du $f050 $h25 05264 $x00 
209C/01 $a25.05264 K $h25 05264 K 
209G/01 $a75085451 $x00 
220C/01 $ahae 
247C/01 $8358050-7 Marburg, Bibliothek des Herder-Instituts Marburg $9102600961
LEADER 00000cam a2200000 c 4500
001 533220440
003 DE-603
005 20251204221751.0
007 tu
008 250912s2025 xx |||| | u00||u|pol c
020 |a 9788323244172 
035 |a (DE-599)BVBBV050428736 
035 |a (OCoLC)1535856372 
040 |a DE-603  |b ger  |c DE-603  |d DE-603  |e rda 
041 |a pol 
082 0 4 |8 1\u  |a 200.943809033  |q DE-101  |2 23/BSB 
084 |a OST  |q DE-12  |2 fid 
085 |8 1\u  |b 200.9 
085 |8 1\u  |z 1  |s 09033 
085 |8 1\u  |z 2  |s 438 
245 0 0 |a Inwentarze kolegium jezuitów w Mińsku oraz jego majątków ziemskich z przełomu roku 1773 i 1774  |b = ˜Theœ inventory of the Jesuit College in Minsk and its Estates from 1773-1774  |c opracowanie i wstęp Andrea Mariani ; Uniwersytet im. Adama Mickiewicza w Poznaniu 
250 |a Wydanie I. 
264 1 |a Poznań  |b Wydawnictwo Naukowe UAM  |c 2025 
300 |a XCV, 336 Seiten  |b Illustrationen, Karten 
336 |a Text  |b txt  |2 rdacontent 
337 |a ohne Hilfsmittel zu benutzen  |b n  |2 rdamedia 
338 |a Band  |b nc  |2 rdacarrier 
490 0 |a Źródła do Dziejów Towarzystwa Jezusowego w Dawnej Rzeczypospolitej  |v tom 4 
546 |a Zusammenfassung in englischer Sprache 
648 7 |a Geschichte 1773-1774  |2 gnd 
650 7 |a Jesuitenkolleg  |0 (DE-588)4368446-4  |0 (DE-603)088326497  |2 gnd 
650 7 |a Grundeigentum  |0 (DE-588)4072130-9  |0 (DE-603)085202959  |2 gnd 
651 7 |a Minsk  |0 (DE-588)4039510-8  |0 (DE-603)085107778  |2 gnd 
655 7 |a Inventar  |2 gnd-content  |0 (DE-588)4027540-1  |0 (DE-603)085070408 
655 7 |a Quelle  |2 gnd-content  |0 (DE-588)4135952-5  |0 (DE-603)085503576 
700 1 |a Mariani, Andrea  |d 1986-  |e Herausgeber  |4 edt  |0 (DE-603)336109989  |0 (DE-588)1047203316  |2 gnd 
776 0 8 |i Erscheint auch als  |n Online-Ausgabe  |z 9788323244189 
776 0 8 |i Erscheint auch als  |n Online-Ausgabe, PDF  |o doi.org/10.14746/amup.9788323244189 
856 4 2 |m V:DE-603;B:DE-Mb50  |q application/pdf  |u http://scans.hebis.de/HEBCGI/show.pl?53322044_bib.pdf  |3 Buch Bibliographie 
856 4 2 |m V:DE-603;B:DE-Mb50  |q application/pdf  |u http://scans.hebis.de/HEBCGI/show.pl?53322044_cov.pdf  |3 Cover 
856 4 2 |m V:DE-603;B:DE-Mb50  |q application/pdf  |u http://scans.hebis.de/HEBCGI/show.pl?53322044_idx.pdf  |3 Register 
856 4 2 |m V:DE-603;B:DE-Mb50  |q application/pdf  |u http://scans.hebis.de/HEBCGI/show.pl?53322044_sum.pdf  |3 Abstract 
856 4 2 |m V:DE-603;B:DE-Mb50  |q application/pdf  |u http://scans.hebis.de/HEBCGI/show.pl?53322044_toc.pdf  |3 Inhaltsverzeichnis 
924 0 |9 Mb 50  |a (DE-603)131799440X  |b DE-Mb50  |c HES  |d c  |g 25.05264